000 00444nam a2200169Ia 4500
003 OSt
005 20230530151110.0
008 210423s2000 xx 000 0 und d
040 _cAL
041 _aeng
082 _a375
_223
_bNAGS
245 _aTeaching almost sex and sexuality.
260 _aKarnataka
_bState Council for Child Welfare
_c2000
365 _b813
_cINR
906 _aalmost ; sex ; sexuality. ; Teaching
942 _2ddc
_cBK
999 _c175514
_d175514